| 000 | 00491nam a2200181Ia 4500 | ||
|---|---|---|---|
| 003 | SGT | ||
| 020 | _a9788120338296 | ||
| 082 |
_a6.6 _bHIL |
||
| 100 | _aHill,F.S | ||
| 245 | _aComputer graphics | ||
| 250 | _a3rd Ed. | ||
| 260 |
_bPHI Learning Private Limited _aNew Delhi _c2009 |
||
| 300 | _a778p. | ||
| 650 | _aCOMPUTER SCIENCE | ||
| 653 | _aINTRODUCTION TO COMPUTER GRAPHICS, INITIAL STEPS IN DRAWING FIGURES, ADDITIONAL DRAWING TOOLS | ||
| 700 | _aKelley,S.M | ||
| 942 |
_2ddc _cBK _02 |
||
| 999 |
_c5024 _d5024 |
||